00553nam a2200157Ia 4500008004100000040001600041041001200057082001800069100002200087245008200109260002700191300001700218942000700235952013600242999001700378230917s9999||||xx |||||||||||||| ||und|| e12657aMAIN aEnglish a301.4443 J51M aJeteley, Surinder 0aModernizing Indian peasants: A study of six villages in eastern Uttar Pradesh aNew DelhibA E Sc1977 axviii,177 p. cBK 0010406301_444300000000000_J51M709111828aMAINbMAINd2002-08-08l0o301.4443 J51Mp145462r2023-09-17 20:55:04w2023-09-17yBK c71612d71612